LEADER 01561nam--2200421---450- 001 990002951740203316 005 20070807155555.0 010 $a3-540-25053-0 035 $a000295174 035 $aUSA01000295174 035 $a(ALEPH)000295174USA01 035 $a000295174 100 $a20070629d2004----km-y0itay0103----ba 101 0 $aeng 102 $aDE 105 $aa|||||||001yy 200 1 $aScientific engineering for distributed Java applications$einternational workshop, FIDJI 2004$eLuxembourg-Kirchberg, Luxembourg, November 24-25, 2004$eRevised Selected Papers$fNicolas Guelfi, Gianna Reggio...[et. al.](eds.) 210 $aBerlin [etc.]$cSpringer$dcopyr. 2004 215 $aX, 122 p.$cill.$d24 cm. 225 2 $aLecture notes in computer science$v3409 410 0$12001$aLecture notes in computer science$v3409 454 1$12001 461 1$1001-------$12001 606 $aInformatica$xCongressi 676 $a005.1 702 1$aGUELFI,$bNicolas 702 1$aREGGIO,$bGianna 710 12$aInternational workshop on scientific engineering for distributed java applications$d<4. ;$f2004 ;$eLuxembourg-Kirchberg>$0597492 801 0$aIT$bsalbc$gISBD 912 $a990002951740203316 951 $a001 LNCS 3409$b31801/CBS$c001 LNCS$d00112474 959 $aBK 969 $aSCI 979 $aSENATORE$b90$c20070629$lUSA01$h1013 979 $aSENATORE$b90$c20070629$lUSA01$h1014 979 $aSENATORE$b90$c20070807$lUSA01$h1555 996 $aScientific engineering for distributed Java applications$91031767 997 $aUNISA LEADER 00941nam0-22003131i-450 001 990005578050403321 005 20260114130119.0 035 $a000557805 035 $aFED01000557805 035 $a(Aleph)000557805FED01 100 $a19990604d1981----km-y0itay50------ba 101 0 $aita 102 $aIT 105 $aa-------001yy 200 1 $aLei & Lui$eCronaca e pubblicita$fArturo Carlo Quintavalle$gcon la collaborazione di p. Barbaro$gG. Bianchino$gA. Calzona...[et al.] 210 $aBari$cLaterza$d1981 215 $a258 p.$cill.$d24 cm 225 1 $aGrandi opere 700 1$aQuintavalle,$bArturo Carlo$f<1936- >$038440 702 1$aBarbaro,$bP. 702 1$aBianchino,$bC. 702 1$aCalzona,$bArturo$f<1950- > 801 0$aIT$bUNINA$gRICA$2UNIMARC 901 $aBK 912 $a990005578050403321 952 $a302.24 QUIN 01$bST.ARTE 14812$fFLFBC 959 $aFLFBC 996 $aLei & Lui$9607721 997 $aUNINA